• 首页
  • 本馆介绍
  • 公告通知
  • 最新文献
  • 馆藏检索
  • 电子资源
  • 读者导购
  • 参考咨询
  • 我的图书馆
  • 登录
  • 详细信息显示
  • 放入我的书架
  • 预约/预借图书
  • 作者相关作品
  • 分类相关作品
  • 丛书相关作品
  • 出版社相关作品

书目信息

  • 表格格式
  • 工作单格式
  • 卡片格式
题名:
布林克现代内部审计学 上
    
 
作者: 罗伯特·莫勒尔 著
分册:  
出版信息: 北京   中国时代经济出版社  2006.01
页数: 381页
开本: 20cm
丛书名:
单 册:
中图分类: F239.45
科图分类:
主题词: 审计
电子资源:
ISBN: 7-80169-805-3
000 00647nam0 2200205 450
001 0858325642
005 20080618161734.43
010    @a7-80169-805-3@dCNY43.00
100    @a20080618d2006 km y0chiy0120 ea
101 0  @achi
102    @aCN@b110000
200 1  @a布林克现代内部审计学 上@Abu lin ke xian dai nei bu shen ji xue shang@f(美)罗伯特·莫勒尔著@F(mei)luo bo te·mo le er zhu
205    @a6版
210    @a北京@c中国时代经济出版社@d2006.01
215    @a381页@d20cm
606 0  @a审计
690    @aF239.45@v4
701  0 @a罗伯特·莫勒尔@Aluo bo te·mo le er@4著
801  0 @aCN@b山东省滨州职业学院图书馆@c20080618
905    @aBZT@dF239.45@e2-1
    
    布林克现代内部审计学 上/(美)罗伯特·莫勒尔著.-6版.-北京:中国时代经济出版社,2006.01
    381页;20cm
    
    
    ISBN 7-80169-805-3:CNY43.00
    
●
相关链接 在五车中查询图书 在当当中查询图书 在豆瓣中查询图书


正题名:布林克现代内部审计学 上     索取号:F239.45/2-1         预约/预借

序号 登录号 条形码 馆藏地/架位号 状态 备注
1 682376   2000682376   中心书库北库/ 北库009架A面1列3层23/ [索取号:F239.45/2-1] 在馆    
2 682377   2000682377   中心书库北库/ 北库009架A面1列3层21/ [索取号:F239.45/2-1] 在馆    
3 682378   2000682378   中心书库北库/ 北库009架A面1列3层16/ [索取号:F239.45/2-1] 在馆    
4 682379   2000682379   中心书库北库/ 北库009架A面1列3层22/ [索取号:F239.45/2-1] 在馆    
山东省滨州职业学院图书馆 欢迎您!
大连网信软件有限公司© 版权所有